| 000 | 00757cam a2200229 a 4500 | ||
|---|---|---|---|
| 001 | 000008088 | ||
| 005 | 20200929154428.0 | ||
| 008 | 040331s2000 pr 000 1 spa | ||
| 020 | _a1563281961 | ||
| 040 |
_aDO-SdBNP _cDLC |
||
| 082 |
_aPR863.44 _bL358h |
||
| 100 | 1 |
_aLa Torre Lagares, Elidio, _d1965- _921992 |
|
| 245 | 1 | 0 |
_aHistoria de un dios pequeño / _cElidio La Torre Lagares. |
| 260 |
_aRío Piedras, Puerto Rico : _bPlaza Mayor, _c2000. |
||
| 300 |
_a284 p. ; _c21 cm. |
||
| 490 | 1 | _aBiblioteca de autores de Puerto Rico. | |
| 490 | 1 | _aNovela | |
| 650 | 4 |
_aNovela puertorriqueña _91185 |
|
| 650 | 4 |
_aLiteratura puertorriqueña _9250 |
|
| 830 | 0 |
_aBiblioteca de autores de Puerto Rico. _pNovela _921993 |
|
| 910 | _aCatalogación por copia / LC | ||
| 999 |
_c7865 _d7865 |
||